|
|
|
|
| LEADER |
01171nnm a2200325 i 4500 |
| 001 |
eta2017 |
| 005 |
20211007100241.0 |
| 008 |
190718suuuu hu o 0|| hun d |
| 040 |
|
|
|a SZTE Elektronikus Tananyag Archívum
|b hun
|
| 041 |
|
|
|a hun
|
| 100 |
1 |
|
|a Obál Izabella
|
| 245 |
1 |
0 |
|a Átmeneti eszméletvesztés
|h [elektronikus dokumentum] /
|c Obál Izabella
|
| 246 |
1 |
0 |
|a Transient loss of consciousness
|h [elektronikus dokumentum]
|
| 300 |
|
|
|a 48
|
| 516 |
|
|
|a Presentation
|
| 650 |
|
4 |
|a Orvos- és egészségtudomány
|
| 650 |
|
4 |
|a Általános orvostudomány
|
| 650 |
|
4 |
|a Idegtudományok (benne pszichofiziológia)
|
| 650 |
|
4 |
|a Neurológia
|
| 650 |
|
4 |
|a Klinikai orvostan
|
| 650 |
|
4 |
|a Klinikai neurológia
|
| 695 |
|
|
|a eszméletvesztés
|
| 700 |
0 |
1 |
|a Vécsei László
|
| 700 |
0 |
1 |
|a Klivényi Péter
|
| 700 |
0 |
1 |
|a Kincses Zsigmond Tamás
|
| 700 |
0 |
1 |
|a Zádori Dénes
|
| 700 |
0 |
1 |
|a Gonda Tibor
|
| 856 |
4 |
0 |
|u https://eta.bibl.u-szeged.hu/2017/1/syncope_OI.pptx
|z Dokumentum-elérés
|
| 856 |
4 |
0 |
|u https://eta.bibl.u-szeged.hu/2017/2/szakertoi%20syncope.mp4
|z Dokumentum-elérés
|
| 856 |
4 |
0 |
|u https://eta.bibl.u-szeged.hu/2017/3/syncope.mp4
|z Dokumentum-elérés
|